|
|
|
|
| LEADER |
00000cas a2200000 a 4500 |
| 001 |
vtls010298260 |
| 003 |
SK-MaSNL |
| 005 |
20260228162722.0 |
| 008 |
110809d19221922xo wr|ne 0 b0slo |
| 040 |
|
|
|a SNK
|b slo
|c SNK
|e AACR2
|
| 041 |
0 |
|
|a slo
|
| 044 |
|
|
|a xo
|c SK
|
| 072 |
|
7 |
|a 63
|x Poľnohospodárstvo a príbuzné oblasti vedy a techniky
|2 konspekt
|
| 072 |
|
7 |
|a 316.7
|x Sociológia kultúry. Kultúrny život
|2 konspekt
|
| 080 |
|
|
|a 63-051
|2 2011
|
| 080 |
|
|
|a 316.728
|2 2011
|
| 080 |
|
|
|a 050
|2 2001
|
| 080 |
|
|
|a (051)+(054)(437.6)
|2 2011
|
| 245 |
0 |
0 |
|a Naša pravda
|b časopis maloroľníctva a remeselníctva na Východnom Slovensku
|
| 260 |
|
|
|a Spišská Nová Ves
|b Slovenská roľnícka jednota v Bratislave
|c 1922
|
| 300 |
|
|
|a 1 zv.
|c 46-48 cm
|
| 310 |
|
|
|a 1x týždenne
|
| 362 |
0 |
|
|a Roč. IV, č. 1 (5.5.1922)-roč. IV, č. 29 (25.11.1922)
|
| 500 |
|
|
|a Od 3/1922 rozmer zv. 48 cm
|
| 500 |
|
|
|a Zodp. red.: Elemír Vollay ; od 13/1922 Fl. Staš
|
| 500 |
|
|
|a Tlač.: Kníhtlačiareň Tatry
|
| 500 |
|
|
|a Predtým vychádzal pod názvom Tatry
|
| 650 |
0 |
7 |
|a roľníci
|2 SNKPH
|9 58923
|
| 650 |
0 |
7 |
|a spoločenský život
|2 SNKPH
|9 28654
|
| 655 |
|
7 |
|a regionálne periodiká
|2 SNKPH
|9 131775
|
| 700 |
1 |
|
|a Vollay, Elemír,
|d 1871-1946
|4 Iso
|9 269701
|
| 700 |
1 |
|
|a Staš, Fl.
|4 Iso
|9 271912
|
| 780 |
0 |
0 |
|t Tatry
|
| 910 |
|
|
|a snk
|
| 999 |
|
|
|c 8249
|d 10179
|
| 952 |
|
|
|0 0
|1 0
|4 0
|7 0
|a SNK
|b SNK
|d 2003-03-29
|l 0
|o snkČSA 983/4/1922
|p 17A0376603
|r 2005-01-02 00:00:00
|w 2026-02-21
|y PREZ
|